[Event "Santa Cruz de Tenerife op 9th"]
[Site "Santa Cruz de Tenerife"]
[Date "2023.08.04"]
[Round "9"]
[White "Cruz Diaz, Felipe"]
[Black "Gonzalez Martin, Pablo"]
[Result "1-0"]
[WhiteElo "1594"]
[BlackElo "1048"]
[PlyCount "115"]
[EventDate "2023.07.17"]
[EventType "swiss"]
[EventRounds "9"]
[EventCountry "ESP"]
[SourceTitle "CBM 215 Extra"]
[Source "ChessBase"]
[SourceDate "2023.09.30"]
[SourceVersion "1"]
[SourceVersionDate "2023.09.30"]
[SourceQuality "1"]

1. d4 d5 2. c4 e6 3. Nc3 Bb4 4. Bf4 h6 5. h3 Nf6 6. a3 Be7 7. c5 Nh5 8. Bh2 0-0 9. e3 b6 10. Qxh5 bxc5 11. dxc5 Bxc5 12. Nf3 Bb6 13. Rd1 Qf6 14. Be5 Qg6 15. Qxg6 fxg6 16. Bd3 Nc6 17. Bg3 g5 18. 0-0 Bb7 19. Nb5 Rac8 20. Rc1 Rfd8 21. Nbd4 Nxd4 22. Nxd4 Re8 23. Nxe6 Rxe6 24. Bf5 Ree8 25. Bxc8 Rxc8 26. b4 c5 27. bxc5 Rxc5 28. Rxc5 Bxc5 29. a4 Bc6 30. Rc1 Bxa4 31. Rxc5 Bb3 32. Ra5 Bc4 33. Rxa7 Bd3 34. Be5 g6 35. Rd7 Bc4 36. Rg7+ Kf8 37. Rxg6 Kf7 38. Rxh6 Bd3 39. Rd6 Bc4 40. Rf6+ Ke7 41. Rg6 Bb5 42. Rxg5 Ke6 43. Bd4 Bd3 44. Re5+ Kd6 45. f4 Kc6 46. f5 Kb5 47. Kf2 Kc6 48. h4 Kd7 49. h5 Kd6 50. Re6+ Kd7 51. g4 Kd8 52. h6 Kd7 53. h7 Bxf5 54. gxf5 Kc7 55. h8Q Kd7 56. Qg7+ Kd8 57. Bb6+ Kc8 58. Qc7# 1-0

[Event "Santa Cruz de Tenerife op 9th"]
[Site "Santa Cruz de Tenerife"]
[Date "2023.07.31"]
[Round "7"]
[White "Cruz Diaz, Felipe"]
[Black "Rodriguez Ballesteros, Javier"]
[Result "1-0"]
[WhiteElo "1594"]
[BlackElo "1056"]
[PlyCount "99"]
[EventDate "2023.07.17"]
[EventType "swiss"]
[EventRounds "9"]
[EventCountry "ESP"]
[SourceTitle "CBM 215 Extra"]
[Source "ChessBase"]
[SourceDate "2023.09.30"]
[SourceVersion "1"]
[SourceVersionDate "2023.09.30"]
[SourceQuality "1"]

1. d4 d5 2. c4 Nf6 3. Nc3 e6 4. Bf4 Bd6 5. Bg5 0-0 6. c5 Be7 7. e3 c6 8. h3 Nbd7 9. Bf4 b6 10. b4 bxc5 11. bxc5 Qa5 12. Qd2 Bd8 13. Nf3 Ba6 14. Bd6 Bxf1 15. Rxf1 Re8 16. Ne5 Rc8 17. f3 Be7 18. Nxd7 Nxd7 19. Bg3 Bf6 20. Ne2 Qd8 21. Rb1 Bh4 22. Rb7 Bxg3+ 23. Nxg3 Ra8 24. Kf2 e5 25. Nf5 g6 26. Nd6 Re6 27. Rfb1 Kg7 28. g3 e4 29. f4 h5 30. Qe2 a5 31. a4 Rb8 32. Rxb8 Nxb8 33. Rb7 Rxd6 34. cxd6 Qxd6 35. Qb2 Na6 36. Qc3 Nb4 37. Ke2 Na2 38. Qc5 Qxc5 39. dxc5 Nc3+ 40. Kd2 Nxa4 41. Rc7 Nxc5 42. Rxc6 Nb3+ 43. Kc3 a4 44. Rd6 f5 45. Rxd5 h4 46. gxh4 Kh6 47. Rd8 Nc1 48. Kd4 a3 49. Ke5 Kg7 50. Rd7+ 1-0

[Event "Santa Cruz de Tenerife op 9th"]
[Site "Santa Cruz de Tenerife"]
[Date "2023.07.26"]
[Round "5"]
[White "Diaz Reyes, Killian"]
[Black "Cruz Diaz, Felipe"]
[Result "1-0"]
[WhiteElo "2177"]
[BlackElo "1594"]
[PlyCount "69"]
[EventDate "2023.07.17"]
[EventType "swiss"]
[EventRounds "9"]
[EventCountry "ESP"]
[SourceTitle "CBM 215 Extra"]
[Source "ChessBase"]
[SourceDate "2023.09.30"]
[SourceVersion "1"]
[SourceVersionDate "2023.09.30"]
[SourceQuality "1"]

1. e4 e6 2. d4 d5 3. Nd2 c5 4. exd5 cxd4 5. Bb5+ Bd7 6. dxe6 fxe6 7. Qe2 Bxb5 8. Qxb5+ Qd7 9. Qxd7+ Kxd7 10. Nc4 Bb4+ 11. Bd2 Bxd2+ 12. Kxd2 Nc6 13. Nf3 Nf6 14. Rad1 Kc7 15. Rhe1 Rhe8 16. Re2 b5 17. Nce5 Rad8 18. Rde1 Nxe5 19. Rxe5 Ng4 20. Rg5 Nf6 21. Rxg7+ Kb6 22. Rf7 Ng4 23. Ne5 Nxh2 24. Rh1 Rd5 25. f4 Rxe5 26. fxe5 Ng4 27. Rhxh7 Nxe5 28. Re7 Nc4+ 29. Kc1 Rf8 30. Rxe6+ Kc5 31. Rh5+ Kb4 32. a3+ Ka4 33. Ra6+ Na5 34. b3+ Kxa3 35. Rxa5+ 1-0

[Event "Santa Cruz de Tenerife op 9th"]
[Site "Santa Cruz de Tenerife"]
[Date "2023.07.24"]
[Round "4"]
[White "Cruz Diaz, Felipe"]
[Black "Ballesteros Avila, Antonio"]
[Result "0-1"]
[WhiteElo "1594"]
[BlackElo "1978"]
[PlyCount "108"]
[EventDate "2023.07.17"]
[EventType "swiss"]
[EventRounds "9"]
[EventCountry "ESP"]
[SourceTitle "CBM 215 Extra"]
[Source "ChessBase"]
[SourceDate "2023.09.30"]
[SourceVersion "1"]
[SourceVersionDate "2023.09.30"]
[SourceQuality "1"]

1. c4 c6 2. Nc3 d5 3. cxd5 cxd5 4. d3 Nc6 5. Nf3 Nf6 6. g3 Bf5 7. Bg5 e6 8. Bg2 d4 9. Bxf6 Qxf6 10. Nb5 Rc8 11. Qa4 Bb4+ 12. Kf1 0-0 13. a3 Bc5 14. Rc1 Be7 15. Nh4 a6 16. Nxf5 exf5 17. Bxc6 Rxc6 18. Kg2 axb5 19. Qxb5 Rfc8 20. Rc4 Rxc4 21. dxc4 Qc6+ 22. Qxc6 bxc6 23. Rd1 c5 24. Kf3 g5 25. e3 Bf6 26. e4 fxe4+ 27. Kxe4 Rd8 28. Rd3 Kg7 29. b4 Kf8 30. b5 Ke7 31. a4 Kd6 32. a5 Re8+ 33. Kf3 Kc7 34. Kg4 Bd8 35. Rf3 f6 36. Rf5 Re4+ 37. f4 gxf4 38. gxf4 Be7 39. Rd5 d3 40. Rxd3 Rxc4 41. b6+ Kc6 42. Rh3 Bd6 43. Rxh7 Rxf4+ 44. Kh5 Ra4 45. Ra7 Bb8 46. Rf7 Rxa5 47. Rxf6+ Kb7 48. h4 c4+ 49. Kg4 c3 50. Rf2 Rc5 51. Rc2 Kxb6 52. Kf3 Kb5 53. Ke4 Kc4 54. Ke3 Re5+ 0-1

[Event "Tenerife-chT Primera"]
[Site "Tenerife"]
[Date "2023.03.11"]
[Round "7.3"]
[White "Calvo Nobrega, Joaquin Manuel"]
[Black "Cruz Diaz, Felipe"]
[Result "1/2-1/2"]
[WhiteElo "1598"]
[BlackElo "1616"]
[PlyCount "133"]
[EventDate "2023.01.14"]
[EventType "team-tourn"]
[EventRounds "14"]
[EventCountry "ESP"]
[SourceTitle "EXT 2024"]
[Source "ChessBase"]
[SourceDate "2023.10.10"]
[SourceVersion "1"]
[SourceVersionDate "2023.10.10"]
[SourceQuality "1"]
[WhiteTeam "Circulo de Amistad XII Enero II"]
[BlackTeam "Al Shah Mat Los Realejos II"]
[WhiteTeamCountry "ESP"]
[BlackTeamCountry "ESP"]

1. e4 e6 2. d4 d5 3. exd5 exd5 4. Bd3 Bd6 5. Nc3 Ne7 6. Nf3 f6 7. Be3 Nbc6 8. a3 Bg4 9. h3 Bh5 10. g4 Bg6 11. g5 Qd7 12. gxf6 gxf6 13. Nb5 Bh5 14. Nxd6+ Qxd6 15. Be2 0-0-0 16. Qd2 Nf5 17. 0-0-0 Rde8 18. Ng1 Bxe2 19. Nxe2 Qe7 20. Nf4 Qd7 21. Nh5 Qf7 22. Nf4 Nd6 23. Qd3 f5 24. Rhg1 Rhg8 25. f3 Ne7 26. Bf2 Ng6 27. Ng2 f4 28. Rde1 Qf5 29. Qxf5+ Nxf5 30. Rxe8+ Rxe8 31. Kd2 Kd7 32. Re1 Rg8 33. Rg1 Re8 34. Re1 Rxe1 35. Nxe1 Ke6 36. Nd3 b6 37. b3 Ng3 38. Nxf4+ Nxf4 39. Bxg3 Nxh3 40. Bxc7 b5 41. Ke3 Ng5 42. Kf4 Nf7 43. Kg4 Nh6+ 44. Kf4 Nf5 45. c3 a6 46. Kg5 Ne3 47. Kh6 Kf5 48. Kxh7 Nc2 49. Bd6 Ne1 50. f4 Nd3 51. Kg7 Nc1 52. c4 bxc4 53. bxc4 dxc4 54. Bb4 Nd3 55. d5 Nxf4 56. d6 Ke6 57. Kf8 Kd7 58. Kf7 Ne2 59. Kf6 c3 60. Ke5 c2 61. Bd2 c1Q 62. Bxc1 Nxc1 63. Kd5 Nd3 64. Kc4 Ne5+ 65. Kc5 Nc6 66. Kb6 a5 67. Kc5 1/2-1/2

[Event "Tenerife-chT Primera"]
[Site "Tenerife"]
[Date "2023.03.04"]
[Round "6.1"]
[White "Cruz Diaz, Felipe"]
[Black "Pereda de Pablo, Ernesto"]
[Result "0-1"]
[WhiteElo "1616"]
[BlackElo "2057"]
[PlyCount "85"]
[EventDate "2023.01.14"]
[EventType "team-tourn"]
[EventRounds "14"]
[EventCountry "ESP"]
[SourceTitle "EXT 2024"]
[Source "ChessBase"]
[SourceDate "2023.10.10"]
[SourceVersion "1"]
[SourceVersionDate "2023.10.10"]
[SourceQuality "1"]
[WhiteTeam "Al Shah Mat Los Realejos II"]
[BlackTeam "Ebano Barrio Nuevo II"]
[WhiteTeamCountry "ESP"]
[BlackTeamCountry "ESP"]

1. c4 e5 2. d3 Nf6 3. g3 d5 4. b3 Bb4+ 5. Bd2 Bxd2+ 6. Qxd2 0-0 7. Bg2 d4 8. Qg5 Re8 9. Nd2 c5 10. Ne4 Qa5+ 11. Qd2 Qxd2+ 12. Kxd2 Nbd7 13. Nd6 Re7 14. Nxc8 Rxc8 15. Bxb7 Rc7 16. Bg2 g5 17. f3 h6 18. Nh3 Nh5 19. Nf2 Nf8 20. Ne4 Ng6 21. h4 gxh4 22. gxh4 f5 23. Nd6 Ng3 24. Rh3 f4 25. h5 Nf8 26. Rg1 Rg7 27. Ne8 Nh7 28. Nxc7 Rxc7 29. Rh4 Nf6 30. Bh3 Rg7 31. Bg4 Kf8 32. Rb1 a5 33. a3 Rb7 34. b4 axb4 35. axb4 cxb4 36. Rh2 Ke7 37. Rg2 b3 38. Rb2 Nf1+ 39. Ke1 Ne3 40. Rg1 Rb8 41. Kd2 e4 42. Rgb1 Nfxg4 43. fxg4 0-1

[Event "Tenerife-chT Primera"]
[Site "Tenerife"]
[Date "2023.01.21"]
[Round "2.2"]
[White "Cruz Diaz, Felipe"]
[Black "Delgado Delgado, Jose Miguel"]
[Result "1-0"]
[WhiteElo "1616"]
[BlackElo "1691"]
[PlyCount "101"]
[EventDate "2023.01.14"]
[EventType "team-tourn"]
[EventRounds "14"]
[EventCountry "ESP"]
[SourceTitle "EXT 2024"]
[Source "ChessBase"]
[SourceDate "2023.10.10"]
[SourceVersion "1"]
[SourceVersionDate "2023.10.10"]
[SourceQuality "1"]
[WhiteTeam "Al Shah Mat Los Realejos II"]
[BlackTeam "Playa San Juan"]
[WhiteTeamCountry "ESP"]
[BlackTeamCountry "ESP"]

1. d4 Nf6 2. c4 g6 3. Nc3 d5 4. Bf4 Bg7 5. h3 0-0 6. Nf3 b6 7. e3 Ba6 8. cxd5 Bxf1 9. Rxf1 Nxd5 10. Nxd5 Qxd5 11. Bxc7 Nd7 12. Qb3 Qa5+ 13. Ke2 e5 14. d5 Nc5 15. Qc4 Rac8 16. Bxe5 Nd7 17. Bc7 Ne5 18. Qf4 Rxc7 19. Nxe5 Rc2+ 20. Kf3 Qxd5+ 21. Qe4 Qxe4+ 22. Kxe4 Rxb2 23. Nd3 Re8+ 24. Kf3 Rc2 25. Nb4 Rb2 26. Rab1 Rd8 27. Rxb2 Bxb2 28. Ke2 Ba3 29. Nc6 Rc8 30. Nd4 b5 31. Nxb5 Rc2+ 32. Kd3 Rxa2 33. Nxa7 Bb4 34. Nc6 Rd2+ 35. Ke4 Bd6 36. Nd4 Kg7 37. g4 Be7 38. f4 Rh2 39. Rf3 Bc5 40. Kd5 Bb6 41. f5 Bd8 42. e4 Rd2 43. e5 Bb6 44. Rf4 Rd3 45. h4 Bc7 46. Re4 gxf5 47. gxf5 Rh3 48. f6+ Kg6 49. Rg4+ Kh6 50. Nf5+ Kh5 51. Rg5# 1-0

[Event "Tenerife-chT Primera"]
[Site "Tenerife"]
[Date "2022.04.23"]
[Round "9.2"]
[White "Perez Garcia, Jimena"]
[Black "Cruz Diaz, Felipe"]
[Result "1-0"]
[WhiteElo "1826"]
[BlackElo "1645"]
[PlyCount "74"]
[EventDate "2022.01.29"]
[EventType "team-tourn"]
[EventRounds "14"]
[EventCountry "ESP"]
[SourceTitle "EXT 2024"]
[Source "ChessBase"]
[SourceDate "2023.10.10"]
[SourceVersion "1"]
[SourceVersionDate "2023.10.10"]
[SourceQuality "1"]
[WhiteTeam "Caissa Enroque"]
[BlackTeam "Al Shah Mat Los Realejos II"]
[WhiteTeamCountry "ESP"]
[BlackTeamCountry "ESP"]

1. d4 e6 2. c4 d5 3. Nc3 c6 4. e4 dxe4 5. Nxe4 Nf6 6. Bg5 Bb4+ 7. Nc3 h6 8. Be3 Nbd7 9. Nf3 0-0 10. a3 Ba5 11. Be2 Ne4 12. Qc2 Ndf6 13. 0-0 Nxc3 14. bxc3 Bc7 15. Ne5 Nd7 16. f4 Nxe5 17. fxe5 Bd7 18. Qe4 f6 19. exf6 Rxf6 20. Rxf6 Qxf6 21. Rf1 Qe7 22. Bd3 g5 23. h4 Rf8 24. Qg6+ Qg7 25. Rxf8+ Kxf8 26. hxg5 Qxg6 27. Bxg6 Kg7 28. Be4 h5 29. Kf2 Be8 30. d5 cxd5 31. cxd5 e5 32. Bxa7 Bd6 33. c4 Bxa3 34. c5 Bb2 35. d6 Bd4+ 36. Kf3 Bd7 37. Bxb7 Kg6 1-0

[Event "Tenerife-chT Primera"]
[Site "Tenerife"]
[Date "2022.01.29"]
[Round "1.2"]
[White "Rodriguez Garcia, Joel I"]
[Black "Cruz Diaz, Felipe"]
[Result "0-1"]
[WhiteElo "1302"]
[BlackElo "1645"]
[PlyCount "74"]
[EventDate "2022.01.29"]
[EventType "team-tourn"]
[EventRounds "14"]
[EventCountry "ESP"]
[SourceTitle "EXT 2024"]
[Source "ChessBase"]
[SourceDate "2023.10.10"]
[SourceVersion "1"]
[SourceVersionDate "2023.10.10"]
[SourceQuality "1"]
[WhiteTeam "Santa Ursula Badnor"]
[BlackTeam "Al Shah Mat Los Realejos II"]
[WhiteTeamCountry "ESP"]
[BlackTeamCountry "ESP"]

1. e4 e6 2. d4 d5 3. exd5 exd5 4. Nf3 Bd6 5. Be3 Ne7 6. h3 Nbc6 7. Bd3 Be6 8. Nbd2 f6 9. Qe2 Qd7 10. a3 0-0-0 11. c4 Nf5 12. Bxf5 Bxf5 13. c5 Bxc5 14. dxc5 d4 15. Bf4 Rhe8 16. Be3 dxe3 17. fxe3 Bd3 18. Qd1 Rxe3+ 19. Kf2 Rde8 20. Kg3 Nd4 21. Kh2 Ne2 22. Re1 g5 23. Ng1 Qd5 24. Ndf3 h5 25. Rxe2 Rxe2 26. Nxe2 Rxe2 27. Ne1 Bc4 28. Qxd5 Bxd5 29. b4 Be4 30. Kg1 g4 31. hxg4 hxg4 32. Kf1 Rd2 33. Rc1 Kd7 34. Rc3 Ke6 35. g3 Ke5 36. a4 Kd4 37. Ra3 Kc4 0-1

[Event "Tenerife-chT Primera"]
[Site "Tenerife"]
[Date "2021.09.18"]
[Round "11.2"]
[White "Cruz Diaz, Felipe"]
[Black "Diaz Reyes, Franklin"]
[Result "1/2-1/2"]
[WhiteElo "1680"]
[BlackElo "1810"]
[PlyCount "115"]
[EventDate "2021.02.27"]
[EventType "team-tourn"]
[EventRounds "14"]
[EventCountry "ESP"]
[SourceTitle "EXT 2023"]
[Source "ChessBase"]
[SourceDate "2022.10.05"]
[SourceVersion "1"]
[SourceVersionDate "2022.10.05"]
[SourceQuality "1"]
[WhiteTeam "Al Shah Mat Los Realejos II"]
[BlackTeam "Fundacion La Caja de Canarias II"]
[WhiteTeamCountry "ESP"]
[BlackTeamCountry "ESP"]

1. d4 d5 2. c4 e6 3. Bf4 Nf6 4. Nc3 Bd6 5. Bg5 Be7 6. e3 0-0 7. c5 b6 8. b4 a5 9. a3 axb4 10. axb4 Rxa1 11. Qxa1 Nc6 12. Qb2 e5 13. Nf3 exd4 14. exd4 Bg4 15. b5 Bxf3 16. bxc6 Bg4 17. cxb6 cxb6 18. f3 Re8 19. Kf2 Ne4+ 20. Nxe4 Bxg5 21. Nxg5 Qxg5 22. Qc3 Bc8 23. Bb5 Qf4 24. g3 Qc7 25. Re1 Rxe1 26. Qxe1 Kf8 27. Qe5 Qxe5 28. dxe5 Ke7 29. Ke3 Kd8 30. Kd4 Be6 31. f4 Kc7 32. f5 Bxf5 33. Kxd5 Bh3 34. Kd4 Bg2 35. Bc4 f6 36. exf6 gxf6 37. Bd5 Bxd5 38. Kxd5 f5 39. h3 h6 40. g4 f4 41. Ke4 b5 42. Kxf4 Kxc6 43. h4 b4 44. Ke4 Kd6 45. h5 Ke6 46. Kd4 Kf6 47. Kc4 Kg5 48. Kxb4 Kxg4 49. Kc3 Kxh5 50. Kd2 Kg4 51. Ke2 Kg3 52. Kf1 Kh2 53. Kf2 h5 54. Kf1 h4 55. Kf2 Kh3 56. Kf1 Kg3 57. Kg1 h3 58. Kh1 1/2-1/2

[Event "Tenerife-chT Primera"]
[Site "Tenerife"]
[Date "2021.06.06"]
[Round "9.1"]
[White "Delgado Delgado, Jose Miguel"]
[Black "Cruz Diaz, Felipe"]
[Result "0-1"]
[WhiteElo "1786"]
[BlackElo "1680"]
[PlyCount "70"]
[EventDate "2021.02.27"]
[EventType "team-tourn"]
[EventRounds "14"]
[EventCountry "ESP"]
[SourceTitle "EXT 2023"]
[Source "ChessBase"]
[SourceDate "2022.10.05"]
[SourceVersion "1"]
[SourceVersionDate "2022.10.05"]
[SourceQuality "1"]
[WhiteTeam "Playa San Juan"]
[BlackTeam "Al Shah Mat Los Realejos II"]
[WhiteTeamCountry "ESP"]
[BlackTeamCountry "ESP"]

1. d4 e6 2. c4 f5 3. g3 Nf6 4. Bg2 c6 5. Nf3 d5 6. 0-0 Bd6 7. b3 Nbd7 8. Ba3 Qe7 9. Bxd6 Qxd6 10. c5 Qe7 11. Qc2 0-0 12. Nbd2 Ne4 13. Ne5 Nexc5 14. Nxc6 bxc6 15. dxc5 Ba6 16. Rfe1 Rf6 17. Nf3 Raf8 18. Rac1 e5 19. Qc3 f4 20. Qa5 Bb5 21. a4 e4 22. axb5 exf3 23. exf3 Ne5 24. Qc3 Re6 25. Bh3 Nxf3+ 26. Kh1 Rxe1+ 27. Rxe1 Qxe1+ 28. Qxe1 Nxe1 29. bxc6 fxg3 30. hxg3 d4 31. c7 Kf7 32. c8Q Rxc8 33. Bxc8 Ke7 34. Bf5 g6 35. Be4 d3 0-1

[Event "Tenerife-chT Primera"]
[Site "Tenerife"]
[Date "2021.06.05"]
[Round "8.3"]
[White "Medina Sanchez, Gines"]
[Black "Cruz Diaz, Felipe"]
[Result "1-0"]
[WhiteElo "1678"]
[BlackElo "1680"]
[PlyCount "120"]
[EventDate "2021.02.27"]
[EventType "team-tourn"]
[EventRounds "14"]
[EventCountry "ESP"]
[SourceTitle "EXT 2023"]
[Source "ChessBase"]
[SourceDate "2022.10.05"]
[SourceVersion "1"]
[SourceVersionDate "2022.10.05"]
[SourceQuality "1"]
[WhiteTeam "La Victoria 94"]
[BlackTeam "Al Shah Mat Los Realejos II"]
[WhiteTeamCountry "ESP"]
[BlackTeamCountry "ESP"]

1. e4 e6 2. d4 d5 3. Nd2 dxe4 4. Nxe4 f5 5. Ng5 Be7 6. h4 Nf6 7. Bc4 Nd5 8. Qe2 Qd6 9. N1h3 Nc6 10. c3 g6 11. Bxd5 exd5 12. Bf4 Qd7 13. Be5 Nxe5 14. Qxe5 0-0 15. 0-0-0 Bf6 16. Qf4 b6 17. Rde1 Qd6 18. Qxd6 cxd6 19. Ne6 Bxe6 20. Rxe6 Rae8 21. Rhe1 Kf7 22. Rxe8 Rxe8 23. Rxe8 Kxe8 24. g3 Kd7 25. Kc2 h6 26. Nf4 g5 27. hxg5 Bxg5 28. Nxd5 Ke6 29. c4 h5 30. f4 Bd8 31. a4 a6 32. Nc3 Kf6 33. Kd3 Kg6 34. Nd5 Kf7 35. Nc3 Ke6 36. d5+ Kf7 37. Ne2 h4 38. gxh4 Bxh4 39. Nd4 Kg6 40. Ke3 Bf6 41. b4 a5 42. bxa5 bxa5 43. Nb3 Bc3 44. c5 dxc5 45. Nxc5 Kf7 46. Kd3 Bb4 47. Kc4 Bd2 48. Ne6 Ke7 49. Kc5 Kd7 50. Ng7 Bxf4 51. Nxf5 Bd2 52. Kc4 Bb4 53. Nd4 Be1 54. Nb5 Bb4 55. Kd4 Bf8 56. Ke5 Bg7+ 57. Ke4 Bf8 58. Nd4 Bb4 59. Nf5 Bc3 60. Kd3 Bb4 1-0

[Event "Tenerife-chT Primera"]
[Site "Tenerife"]
[Date "2021.05.08"]
[Round "5.1"]
[White "Rodriguez Miranda, Sergio"]
[Black "Cruz Diaz, Felipe"]
[Result "1-0"]
[WhiteElo "1879"]
[BlackElo "1680"]
[PlyCount "63"]
[EventDate "2021.02.27"]
[EventType "team-tourn"]
[EventRounds "14"]
[EventCountry "ESP"]
[SourceTitle "EXT 2023"]
[Source "ChessBase"]
[SourceDate "2022.10.05"]
[SourceVersion "1"]
[SourceVersionDate "2022.10.05"]
[SourceQuality "1"]
[WhiteTeam "Ebano Barrio Nuevo II"]
[BlackTeam "Al Shah Mat Los Realejos II"]
[WhiteTeamCountry "ESP"]
[BlackTeamCountry "ESP"]

1. d4 e6 2. c4 f5 3. Nc3 Nf6 4. f3 d5 5. e3 c6 6. Bd3 Bd6 7. Nge2 0-0 8. 0-0 Nbd7 9. e4 fxe4 10. fxe4 Ng4 11. e5 Ndxe5 12. dxe5 Bxe5 13. Bf4 Bxf4 14. Nxf4 Qb6+ 15. Kh1 Nf2+ 16. Rxf2 Qxf2 17. Nfe2 Bd7 18. Qc2 Qh4 19. Ng3 Rf6 20. cxd5 exd5 21. Nce2 Raf8 22. Kg1 Rh6 23. Nf1 Rf2 24. Qc5 Rhf6 25. Qxa7 Bh3 26. Ne3 Qg5 27. Qb8+ Rf8 28. Qg3 Qxg3 29. hxg3 Bd7 30. Rb1 R2f6 31. Nd4 g6 32. b4 1-0

[Event "Tenerife-chT Primera"]
[Site "Tenerife"]
[Date "2021.02.27"]
[Round "1.3"]
[White "Cruz Diaz, Felipe"]
[Black "Rodriguez Acosta, Raul"]
[Result "0-1"]
[WhiteElo "1680"]
[BlackElo "1529"]
[PlyCount "72"]
[EventDate "2021.02.27"]
[EventType "team-tourn"]
[EventRounds "14"]
[EventCountry "ESP"]
[SourceTitle "EXT 2023"]
[Source "ChessBase"]
[SourceDate "2022.10.05"]
[SourceVersion "1"]
[SourceVersionDate "2022.10.05"]
[SourceQuality "1"]
[WhiteTeam "Al Shah Mat Los Realejos II"]
[BlackTeam "La Victoria 94"]
[WhiteTeamCountry "ESP"]
[BlackTeamCountry "ESP"]

1. d4 g6 2. c4 Bg7 3. Nc3 d6 4. Bf4 Nf6 5. h3 0-0 6. Nf3 Bf5 7. e3 Nc6 8. Bd3 e5 9. dxe5 dxe5 10. Nxe5 Nxe5 11. Bxf5 Qxd1+ 12. Rxd1 Nxc4 13. Be4 Nxb2 14. Rb1 Nxe4 15. Nxe4 Nd3+ 16. Ke2 Nxf4+ 17. exf4 Rfe8 18. Kf3 b6 19. Rbc1 c5 20. Rhd1 Bd4 21. Rxd4 cxd4 22. Nf6+ Kf8 23. Nxe8 Kxe8 24. Ke4 Rd8 25. Rd1 f5+ 26. Kd3 Rc8 27. Rd2 Ke7 28. Re2+ Kf6 29. Kxd4 a6 30. Kd5 Rc5+ 31. Kd6 Rc4 32. g3 b5 33. Kd5 a5 34. Rb2 Ra4 35. Kc5 b4 36. Kb5 Ra3 0-1

[Event "San Cristobal de La Laguna op 2nd"]
[Site "San Cristobal de la Laguna"]
[Date "2019.09.02"]
[Round "3"]
[White "Cruz Diaz, Felipe"]
[Black "Brito Garcia, Alfredo"]
[Result "0-1"]
[WhiteElo "1696"]
[BlackElo "2314"]
[PlyCount "86"]
[EventDate "2019.08.31"]
[EventType "swiss"]
[EventRounds "9"]
[EventCountry "ESP"]
[SourceTitle "EXT 2020"]
[Source "ChessBase"]
[SourceDate "2019.10.17"]
[SourceVersion "1"]
[SourceVersionDate "2019.10.17"]
[SourceQuality "1"]

1. d4 Nf6 2. c4 g6 3. Nc3 Bg7 4. Bf4 0-0 5. Nf3 d6 6. e3 c5 7. h3 Qa5 8. Qd2 cxd4 9. Nxd4 e5 10. Nb3 Qb4 11. Bg5 Be6 12. Bxf6 Bxf6 13. Nd5 Qxd2+ 14. Nxd2 Bd8 15. Ne4 Ba5+ 16. b4 Bxd5 17. Nf6+ Kg7 18. Nxd5 Bd8 19. g4 a5 20. b5 Nd7 21. Kd2 e4 22. Bg2 Re8 23. Rab1 Rc8 24. Rhc1 f5 25. b6 Rc5 26. Bf1 Kh6 27. Be2 Bh4 28. f3 exf3 29. Bxf3 Ne5 30. Be2 fxg4 31. hxg4 Bg5 32. Rb5 Kg7 33. Rxc5 dxc5 34. Rb1 h5 35. gxh5 gxh5 36. Rg1 Kh6 37. Rh1 h4 38. Ke1 Re6 39. Nf4 Rxb6 40. Kf2 Rb2 41. Ng2 Ng6 42. Kf3 Rxa2 43. Bd3 Ne5+ 0-1

[Event "Tenerife Verano op"]
[Site "Tenerife"]
[Date "2019.08.28"]
[Round "8"]
[White "Cruz Diaz, Felipe"]
[Black "Mamani Beltran, Deniman"]
[Result "0-1"]
[WhiteElo "1696"]
[BlackElo "1916"]
[PlyCount "102"]
[EventDate "2019.07.29"]
[EventType "swiss"]
[EventRounds "9"]
[EventCountry "ESP"]
[SourceTitle "EXT 2020"]
[Source "ChessBase"]
[SourceDate "2019.10.17"]
[SourceVersion "1"]
[SourceVersionDate "2019.10.17"]
[SourceQuality "1"]

1. d4 d5 2. c4 e6 3. Nc3 Be7 4. Bf4 Nf6 5. e3 0-0 6. c5 b6 7. b4 a5 8. a3 Bb7 9. h3 Nbd7 10. Nf3 Ne4 11. Nxe4 dxe4 12. Nd2 e5 13. dxe5 bxc5 14. bxa5 Rxa5 15. Nc4 Ra8 16. Be2 Nb6 17. 0-0 Bd5 18. Qc2 Nxc4 19. Bxc4 Bxc4 20. Qxc4 Qd3 21. Qc1 Ra4 22. Rd1 Qb5 23. e6 fxe6 24. Bxc7 Bf6 25. Rb1 Qc6 26. Bd6 Rc8 27. Rb8 Rxb8 28. Bxb8 Be7 29. Qb2 c4 30. Be5 Rxa3 31. Qb8+ Kf7 32. Bd6 Rd3 33. Rxd3 exd3 34. Bxe7 Kxe7 35. Qb4+ Qd6 36. Qb7+ Kd8 37. Qa8+ Kd7 38. Qa7+ Qc7 39. Qd4+ Kc8 40. Qc3 Kd8 41. Kf1 Qh2 42. f3 Qh1+ 43. Kf2 Qb1 44. Qa5+ Kd7 45. Qa7+ Kc6 46. Qa6+ Kc5 47. Qa7+ Qb6 48. Qxg7 Kd6 49. Qc3 Qb3 50. Qd4+ Kc6 51. e4 Qc2+ 0-1

[Event "Tenerife Norte Team Cup 2nd"]
[Site "Tenerife"]
[Date "2019.08.17"]
[Round "7.4"]
[White "Gonzalez Moreno, Juan Carlos"]
[Black "Cruz Diaz, Felipe"]
[Result "0-1"]
[WhiteElo "1577"]
[BlackElo "1696"]
[PlyCount "84"]
[EventDate "2019.06.29"]
[EventType "team-tourn"]
[EventRounds "10"]
[EventCountry "ESP"]
[SourceTitle "EXT 2020"]
[Source "ChessBase"]
[SourceDate "2019.10.17"]
[SourceVersion "1"]
[SourceVersionDate "2019.10.17"]
[SourceQuality "1"]
[WhiteTeam "Ciberjaque Universidad"]
[BlackTeam "Los Realejos Shah Mat"]
[WhiteTeamCountry "ESP"]
[BlackTeamCountry "ESP"]

1. e4 e6 2. Qe2 d5 3. exd5 Qxd5 4. Nc3 Qd8 5. Nf3 Nf6 6. d4 Nc6 7. Be3 Bb4 8. a3 Ba5 9. b4 Bb6 10. Na4 0-0 11. Rd1 Qe8 12. Nxb6 axb6 13. Bc1 Nd5 14. Rd3 Bd7 15. c4 Nf6 16. g3 Ne7 17. Bg5 Ng6 18. Bg2 b5 19. c5 Nd5 20. h4 c6 21. h5 Nge7 22. Bc1 f6 23. Nh4 Qf7 24. g4 Rae8 25. Kf1 e5 26. dxe5 fxe5 27. Rf3 Bxg4 28. Qxe5 Bxf3 29. Bxf3 Nf5 30. Qxf5 Qxf5 31. Nxf5 Rxf5 32. Bg4 Rfe5 33. Bd2 Nf6 34. Bf3 Rd8 35. Bc3 Rf5 36. Be2 Ne4 37. Rh3 Nxf2 38. Rf3 Rxf3 39. Bxf3 Rd3 40. Kxf2 Rxc3 41. Bg4 Rxa3 42. Bc8 Ra7 0-1

[Event "Tenerife Norte Team Cup 2nd"]
[Site "Tenerife"]
[Date "2019.07.06"]
[Round "2.4"]
[White "Cruz Diaz, Felipe"]
[Black "Gonzalez Moreno, Juan Carlos"]
[Result "1-0"]
[WhiteElo "1696"]
[BlackElo "1577"]
[PlyCount "71"]
[EventDate "2019.06.29"]
[EventType "team-tourn"]
[EventRounds "10"]
[EventCountry "ESP"]
[SourceTitle "EXT 2020"]
[Source "ChessBase"]
[SourceDate "2019.10.17"]
[SourceVersion "1"]
[SourceVersionDate "2019.10.17"]
[SourceQuality "1"]
[WhiteTeam "Los Realejos Shah Mat"]
[BlackTeam "Ciberjaque Universidad"]
[WhiteTeamCountry "ESP"]
[BlackTeamCountry "ESP"]

1. d4 d6 2. c4 e5 3. Nc3 exd4 4. Qxd4 Nc6 5. Qd1 Nf6 6. Nf3 Bf5 7. Bf4 h6 8. h3 Qd7 9. e3 g5 10. Bg3 Bg7 11. Be2 Ne4 12. Nxe4 Bxe4 13. Qb3 a5 14. Rd1 Nb4 15. Rd2 Na6 16. 0-0 0-0 17. Rfd1 Nc5 18. Qa3 Qa4 19. Qxa4 Nxa4 20. Nd4 Rfd8 21. Rc1 c5 22. b3 cxd4 23. bxa4 dxe3 24. fxe3 d5 25. Bc7 Rd7 26. Bb6 Rc8 27. c5 d4 28. Bg4 f5 29. Bf3 Re8 30. Bd1 Bc6 31. Bb3+ Kh7 32. exd4 Rxd4 33. Rxd4 Bxd4+ 34. Kf1 Re3 35. Bxa5 Be4 36. Bc2 1-0